Principles of physical, organic, and biological chemistry

Zapisane w:
Opis bibliograficzny
1. autor: Holum, JohnR.
Format: Książka
Język:Undetermined
Wydane: New York John Wiley and Sons, Inc 1969
Hasła przedmiotowe:
Etykiety: Dodaj etykietę
Nie ma etykietki, Dołącz pierwszą etykiete!
Thư viện lưu trữ: Trung tâm Học liệu Trường Đại học Cần Thơ
LEADER 00502nam a2200181Ia 4500
001 CTU_82926
008 210402s9999 xx 000 0 und d
082 |a 540 
082 |b H722 
100 |a Holum, JohnR. 
245 0 |a Principles of physical, organic, and biological chemistry 
245 0 |c JohnR. Holum 
260 |a New York 
260 |b John Wiley and Sons, Inc 
260 |c 1969 
650 |a Chemistry 
904 |i QHieu(sửa) 
980 |a Trung tâm Học liệu Trường Đại học Cần Thơ